000 00617nam a22001937a 4500
005 20251108174841.0
008 250721s2008 xx 000 0 eng d
020 _a9772823772
082 1 4 _aب.د/338.1/تقر
100 1 _aعجينة, هبة
_eمراجع
245 1 0 _aتقرير التنمية الدولية لعام 2008 : الزراعة من أجل التنمية /
264 1 _aواشنطن :
_bالبنك الدولي,
_c2008.
300 _a367 ص.
650 1 7 _aالزراعة
650 1 7 _aالتنمية الإقتصادية
650 1 7 _aالتقارير
942 _2ddc
_cBK
999 _c119722
_d119722